[Event "Junior Online 4NCL Division 5"]
[Site "online"]
[Date "2021.04.01"]
[EventDate "2021.04.01"]
[Round "6.327"]
[White "Semeiko-Wang, Lily"]
[WhiteElo "1000"]
[WhiteTeam "King's Cross Kings"]
[Black "Fairrie, Ralph"]
[BlackElo "916"]
[BlackTeam "Surrey Kings 5"]
[Result "0-1"]
[PlyCount "82"]

1. e4 e5 2. Nf3 Nc6 3. Nc3 Bc5 4. Bc4 d6 5. O-O Nf6 6. Nd5 Nxe4 7. d3 Nxf2 8. Rxf2 Bxf2+ 9. Kxf2 Bg4 10. h3 Bxf3 11. Qxf3 Nd4 12. Nxc7+ Qxc7 13. Qe4 Nxc2 14. Bb5+ Kd8 15. Qh4+ Kc8 16. Qg4+ Kd8 17. Qg5+ Kc8 18. Qf5+ Kd8 19. Qg5+ f6 20. Qf5 Nxa1 21. Qe6 a6 22. Bc4 b5 23. Bd5 Rc8 24. Be3 Re8 25. Qf7 Qc2+ 26. Kf3 Re7 27. Qf8+ Re8 28. Qxg7 Re7 29. Bb6+ Kd7 30. Qg4+ Ke8 31. Qg8+ Kd7 32. Be6+ Rxe6 33. Qxh7+ Re7 34. Qf5+ Re6 35. Qh7+ Re7 36. Qf5+ Kc6 37. Qxc8+ Kxb6 38. Qd8+ Kc6 39. Qxe7 Qxd3+ 40. Kg4 Qg6+ 41. Kh4 Qg5# 0-1

[Event "Junior Online 4NCL Division 5"]
[Site "online"]
[Date "2021.04.01"]
[EventDate "2021.04.01"]
[Round "6.328"]
[White "Song, Meilin"]
[WhiteElo "910"]
[WhiteTeam "Surrey Kings 5"]
[Black "Tomita, Akito"]
[BlackElo "1000"]
[BlackTeam "King's Cross Kings"]
[Result "0-1"]
[PlyCount "50"]

1. e4 e5 2. Nf3 Nc6 3. Nc3 f6 4. Bc4 Nge7 5. O-O d5 6. exd5 Nxd5 7. Bxd5 Bd6 8. Bxc6+ bxc6 9. d4 O-O 10. dxe5 fxe5 11. Ne4 Ba6 12. Bg5 Qd7 13. Nxd6 Bxf1 14. Kxf1 cxd6 15. h3 e4 16. Nd4 c5 17. Ne2 Qf5 18. f3 Qxg5 19. Qxd6 Rad8 20. Qc7 Rf7 21. Qa5 Rfd7 22. Nc3 Rd2 23. fxe4 Qf4+ 24. Kg1 Qf2+ 25. Kh2 Qxg2# 0-1

[Event "Junior Online 4NCL Division 5"]
[Site "online"]
[Date "2021.04.01"]
[EventDate "2021.04.01"]
[Round "6.331"]
[White "Ambrose, Daniel"]
[WhiteElo "804"]
[WhiteTeam "Surrey Kings 7"]
[Black "Large, Marcus"]
[BlackElo "903"]
[BlackTeam "MCS Tenners B"]
[Result "0-1"]
[PlyCount "56"]

1. Nf3 Nc6 2. Nc3 Nf6 3. d4 d5 4. e3 Bf5 5. Bb5 Bd7 6. Bxc6 Bxc6 7. Ne5 Qd6 8. Nxc6 Qxc6 9. e4 dxe4 10. d5 Qc5 11. Be3 Qd6 12. Nb5 Qd7 13. c4 a6 14. Nd4 c5 15. Nb3 b6 16. O-O Qf5 17. g4 Nxg4 18. f3 Nxe3 19. Qe1 Nxf1 20. Qxe4 Qxe4 21. fxe4 Ne3 22. Re1 Ng4 23. h3 Ne5 24. Nd2 e6 25. dxe6 fxe6 26. Rf1 Be7 27. Nf3 Nxc4 28. Ng5 Bxg5 0-1

[Event "Junior Online 4NCL Division 5"]
[Site "online"]
[Date "2021.04.01"]
[EventDate "2021.04.01"]
[Round "6.332"]
[White "Davies, Fox"]
[WhiteElo "963"]
[WhiteTeam "MCS Tenners B"]
[Black "Gardner, Oliver"]
[BlackElo "731"]
[BlackTeam "Surrey Kings 7"]
[Result "1-0"]
[PlyCount "89"]

1. e3 e5 2. Qh5 g6 3. Qxe5+ Be7 4. Qxh8 Bf6 5. Qxg8+ Ke7 6. Qxh7 Ke8 7. Bc4 d5 8. Bb3 Bf5 9. Ba4+ c6 10. Qg8+ Kd7 11. Qh7 g5 12. Qxf7+ Be7 13. Qxf5+ Ke8 14. Qe5 Qa5 15. Nc3 Nd7 16. Qh8+ Bf8 17. Nh3 b5 18. b3 bxa4 19. bxa4 Nc5 20. Nxg5 Nxa4 21. Nxa4 Qxa4 22. Ne6 Qb4 23. Nc7+ Kd8 24. Nxa8 Qb7 25. Qxf8+ Kd7 26. Qf5+ Kd8 27. Qg5+ Ke8 28. Qe5+ Qe7 29. Nc7+ Kd7 30. Ne6 Qxe6 31. Qg7+ Qe7 32. Qg4+ Qe6 33. Qa4 Kd6 34. Ba3+ Kc7 35. Qxa7+ Kc8 36. h4 Qd7 37. Qc5 Kc7 38. Qa5+ Kc8 39. Qa8+ Kc7 40. Rb1 Qc8 41. Bd6+ Kd8 42. Rb8 Qxb8 43. Qxb8+ Kd7 44. Qc7+ Ke8 45. Qe7# 1-0

[Event "Junior Online 4NCL Division 5"]
[Site "online"]
[Date "2021.04.01"]
[EventDate "2021.04.01"]
[Round "6.333"]
[White "Vynnytskyy, Maxim"]
[WhiteElo "200"]
[WhiteTeam "Surrey Kings 7"]
[Black "King Bravo, Tomas"]
[BlackElo "846"]
[BlackTeam "MCS Tenners B"]
[Result "1-0"]
[PlyCount "75"]

1. e4 e5 2. Nf3 Nc6 3. Bc4 Nf6 4. Nc3 Bb4 5. a3 Bxc3 6. dxc3 h6 7. O-O d6 8. Bb5 Bd7 9. Qd3 a6 10. Bc4 b5 11. Bd5 Rb8 12. Be3 O-O 13. h3 Be6 14. Bxc6 Bd7 15. Bxd7 Qxd7 16. Ba7 Rb7 17. Be3 Rc8 18. Rad1 Qe6 19. b3 c5 20. a4 Rd8 21. axb5 axb5 22. c4 bxc4 23. bxc4 Rc7 24. Rd2 Rc6 25. Nh4 Nd7 26. Nf5 Nb6 27. c3 Qxc4 28. Ra1 d5 29. Ne7+ Kf8 30. Nxc6 Rc8 31. Nxe5 Qxd3 32. Rxd3 dxe4 33. Rd6 Na8 34. Bxc5 Ke8 35. f3 Rxc5 36. Rxa8+ Ke7 37. Rb6 Rxe5 38. Ra7+ 1-0

[Event "Junior Online 4NCL Division 5"]
[Site "online"]
[Date "2021.04.01"]
[EventDate "2021.04.01"]
[Round "6.334"]
[White "Ou, Gerry"]
[WhiteElo "925"]
[WhiteTeam "MCS Tenners B"]
[Black "Liu, Kieron"]
[BlackElo "134"]
[BlackTeam "Surrey Kings 7"]
[Result "0-1"]
[PlyCount "88"]

1. e4 e5 2. Nf3 Nc6 3. Nc3 Nf6 4. d3 Bc5 5. Be3 Bb4 6. a3 Be7 7. b4 O-O 8. g3 d6 9. h3 Be6 10. b5 Nd4 11. Nxd4 exd4 12. Bxd4 c5 13. Be3 Qa5 14. Rb1 Qxc3+ 15. Bd2 Qxa3 16. Rb3 Qa2 17. Bc3 d5 18. exd5 Bxd5 19. Rb2 Qa4 20. Be2 Nd7 21. Bg4 Nf6 22. Bd7 Nxd7 23. f4 Bxh1 24. Kd2 a6 25. bxa6 Rxa6 26. Qxh1 b5 27. Qb7 Ra7 28. Qc6 Bf6 29. Qxb5 Qxb5 30. Rxb5 Bxc3+ 31. Kxc3 Ra3+ 32. Kb2 Ra4 33. Rb7 Nf6 34. c4 Rb4+ 35. Kc3 Rxb7 36. d4 cxd4+ 37. Kxd4 Rd8+ 38. Kc3 Ne4+ 39. Kc2 Rd2+ 40. Kc1 Ra7 41. Kb1 g6 42. g4 Nc3+ 43. Kc1 Rh2 44. c5 Ra1# 0-1

[Event "Junior Online 4NCL Division 5"]
[Site "online"]
[Date "2021.04.01"]
[EventDate "2021.04.01"]
[Round "6.335"]
[White "Large, Marcus"]
[WhiteElo "903"]
[WhiteTeam "MCS Tenners B"]
[Black "Ambrose, Daniel"]
[BlackElo "804"]
[BlackTeam "Surrey Kings 7"]
[Result "1-0"]
[PlyCount "69"]

1. e4 d5 2. exd5 Qxd5 3. Nc3 Qe6+ 4. Be2 Nf6 5. Nf3 Nc6 6. O-O Qg4 7. Ne5 Nxe5 8. Bxg4 Nexg4 9. h3 Ne5 10. d4 Nc4 11. Nb5 Kd8 12. b3 Nd6 13. Nxd6 cxd6 14. Bg5 h6 15. Bh4 g5 16. Bg3 Bg7 17. c3 Nd7 18. Qe2 e5 19. dxe5 dxe5 20. Rfd1 f6 21. Qd2 Ke7 22. Qd6+ Kd8 23. c4 Bf8 24. Qxf6+ Be7 25. Qxh8+ Bf8 26. Qxf8+ Kc7 27. Qd6+ Kd8 28. Qxe5 Rb8 29. Qxb8 b6 30. Qc7+ Ke7 31. Qxc8 Nf6 32. Re1+ Kf7 33. Qc6 Kg6 34. Be5 Kf5 35. Qxf6# 1-0

[Event "Junior Online 4NCL Division 5"]
[Site "online"]
[Date "2021.04.01"]
[EventDate "2021.04.01"]
[Round "6.336"]
[White "Gardner, Oliver"]
[WhiteElo "731"]
[WhiteTeam "Surrey Kings 7"]
[Black "Davies, Fox"]
[BlackElo "963"]
[BlackTeam "MCS Tenners B"]
[Result "1-0"]
[PlyCount "111"]

1. e4 e6 2. Nf3 Qf6 3. d4 Qg6 4. Nc3 Bb4 5. Bg5 Bxc3+ 6. bxc3 Qxe4+ 7. Be2 Qg4 8. h3 Qxg2 9. Bf1 Qxh1 10. Qd3 b6 11. O-O-O Ba6 12. Qe4 c6 13. Bg2 Qxg2 14. Rd3 Bxd3 15. Qxd3 Qxf2 16. Bh4 Qg2 17. Ne1 Qh1 18. Kb1 Qxe1+ 19. Bxe1 f6 20. h4 h5 21. Qg6+ Ke7 22. Qxg7+ Kd6 23. Qxh8 Na6 24. Bg3+ Kd5 25. Qxh5+ Kc4 26. Qe2+ Kxc3 27. Qxa6 Nh6 28. Qb7 Rg8 29. Be1+ Kxd4 30. Qxd7+ Kc4 31. Qxa7 Rg1 32. Qxb6 Rxe1+ 33. Kb2 Re5 34. Qxc6+ Rc5 35. Qa6+ Rb5+ 36. Kc1 Kc5 37. a4 Rb8 38. a5 f5 39. Qa7+ Kd5 40. Qxb8 f4 41. a6 f3 42. a7 f2 43. Qb5+ Kd4 44. a8=Q Ke3 45. Qh8 Nf5 46. Qhe5+ Kf3 47. Qxf5+ Kg2 48. Qxe6 f1=Q+ 49. Qxf1+ Kxf1 50. h5 Kf2 51. h6 Kg3 52. h7 Kh4 53. h8=Q+ Kg5 54. Qf7 Kg4 55. Qhg8+ Kh3 56. Qfh7# 1-0

[Event "Junior Online 4NCL Division 5"]
[Site "online"]
[Date "2021.04.01"]
[EventDate "2021.04.01"]
[Round "6.337"]
[White "King Bravo, Tomas"]
[WhiteElo "846"]
[WhiteTeam "MCS Tenners B"]
[Black "Vynnytskyy, Maxim"]
[BlackElo "200"]
[BlackTeam "Surrey Kings 7"]
[Result "1-0"]
[PlyCount "81"]

1. e4 e5 2. Nf3 Nc6 3. Bc4 Bc5 4. Nc3 Nf6 5. d3 d6 6. Bg5 h6 7. Bxf6 Qxf6 8. h3 O-O 9. O-O a6 10. a3 b5 11. Bd5 Bb7 12. a4 b4 13. Bxc6 Bxc6 14. Nd5 Bxd5 15. exd5 Qf4 16. c4 e4 17. dxe4 Qxe4 18. b3 Bd4 19. Qxd4 Rfe8 20. Qxe4 Rxe4 21. Rad1 c5 22. dxc6 Re6 23. Rfe1 Rc8 24. Rxe6 fxe6 25. Rxd6 e5 26. Nxe5 a5 27. Rd7 Kf8 28. Rf7+ Kg8 29. c7 g5 30. Rd7 h5 31. Ng6 Re8 32. Re7 Rc8 33. Ne5 h4 34. Rf7 Kh8 35. Ng6+ Kg8 36. Rf8+ Kg7 37. Rxc8 Kxg6 38. Rd8 Kf5 39. c8=Q+ Ke4 40. Qe6+ Kf4 41. Rf8# 1-0

[Event "Junior Online 4NCL Division 5"]
[Site "online"]
[Date "2021.04.01"]
[EventDate "2021.04.01"]
[Round "6.338"]
[White "Liu, Kieron"]
[WhiteElo "134"]
[WhiteTeam "Surrey Kings 7"]
[Black "Ou, Gerry"]
[BlackElo "925"]
[BlackTeam "MCS Tenners B"]
[Result "1-0"]
[PlyCount "37"]

1. e4 e5 2. Nf3 Nc6 3. Bb5 a6 4. Ba4 b5 5. Bb3 Nf6 6. O-O Nxe4 7. Re1 Nf6 8. Nxe5 Nxe5 9. Rxe5+ Be7 10. Re1 d5 11. Nc3 c6 12. d4 Bg4 13. Qd3 O-O 14. Ne2 Bb4 15. c3 Bd6 16. Bc2 Qe8 17. Bg5 h6 18. Bxf6 gxf6 19. Qh7# 1-0

[Event "Junior Online 4NCL Division 5"]
[Site "online"]
[Date "2021.04.01"]
[EventDate "2021.04.01"]
[Round "6.341"]
[White "Shah, Kian"]
[WhiteElo "925"]
[WhiteTeam "Harrow Juniors H"]
[Black "Sundararaju, Ritvik"]
[BlackElo "895"]
[BlackTeam "Uxbridge Juniors Dynamos"]
[Result "0-1"]
[PlyCount "46"]

1. e4 e5 2. Bb5 c6 3. Nf3 cxb5 4. Nxe5 Qf6 5. O-O Qxe5 6. f3 Bd6 7. d4 Qxh2+ 8. Kf2 Nf6 9. e5 Qh4+ 10. Ke2 O-O 11. exf6 Re8+ 12. Kd3 Qxf6 13. f4 Qf5+ 14. Kd2 Bb4+ 15. c3 Bd6 16. d5 Qxd5+ 17. Kc2 Qxg2+ 18. Kd3 b4 19. cxb4 Bxb4 20. Rg1 Qh3+ 21. Kc2 d5 22. Rh1 Bf5+ 23. Qd3 Qxd3# 0-1

[Event "Junior Online 4NCL Division 5"]
[Site "online"]
[Date "2021.04.01"]
[EventDate "2021.04.01"]
[Round "6.342"]
[White "Degun, Rubind"]
[WhiteElo "883"]
[WhiteTeam "Uxbridge Juniors Dynamos"]
[Black "Parikh, Aadhya"]
[BlackElo "1000"]
[BlackTeam "Harrow Juniors H"]
[Result "0-1"]
[PlyCount "35"]

1. e4 e5 2. Nf3 Nc6 3. Nc3 Nf6 4. Bc4 Nxe4 5. Nxe4 d5 6. O-O dxc4 7. d3 cxd3 8. cxd3 Bg4 9. Bg5 Qc8 10. Qb3 Bb4 11. Qxf7+ Kxf7 12. Rfc1 Re8 13. h3 Bxf3 14. gxf3 Kg8 15. a3 Bd6 16. d4 exd4 17. f4 d3 18. Nc5 0-1

[Event "Junior Online 4NCL Division 5"]
[Site "online"]
[Date "2021.04.01"]
[EventDate "2021.04.01"]
[Round "6.343"]
[White "Benhamou, Ilan"]
[WhiteElo "900"]
[WhiteTeam "Harrow Juniors H"]
[Black "Bhargava, Aarav"]
[BlackElo "826"]
[BlackTeam "Uxbridge Juniors Dynamos"]
[Result "1-0"]
[PlyCount "157"]

1. d4 Nf6 2. Nf3 e5 3. dxe5 Ne4 4. Qd3 Nc5 5. Qd5 Qf6 6. exf6 gxf6 7. Ne5 fxe5 8. Qxe5+ Ne6 9. Bg5 Rg8 10. h4 Rg6 11. Bh6 Bxh6 12. Qh8+ Nf8 13. e3 d5 14. Bb5+ c6 15. Nc3 cxb5 16. Nxd5 Bg7 17. Nc3 Bxh8 18. Nxb5 Rxg2 19. Nc7+ Kd8 20. Nxa8 Ne6 21. O-O-O+ Bd7 22. Rd3 Rg1+ 23. Rxg1 Nc5 24. Rg8+ Ke7 25. Rc3 Bxc3 26. bxc3 Nca6 27. Rg3 Nc6 28. Rg5 f6 29. Rg7+ Kd6 30. Rxh7 Bf5 31. Rh6 Ke5 32. c4 Ncb4 33. c3 Nxa2+ 34. Kb2 Bb1 35. Kxb1 Nxc3+ 36. Kc2 Ne4 37. Kd3 Nxf2+ 38. Ke2 Ng4 39. Kf3 Nxh6 40. c5 Nxc5 41. Nc7 b6 42. Nb5 Nd3 43. Ke2 Nc1+ 44. Kd2 Nb3+ 45. Kc2 Na1+ 46. Kb1 Nb3 47. h5 Ng4 48. Nxa7 Nd2+ 49. Kc1 Nb3+ 50. Kc2 Na1+ 51. Kb2 Nxe3 52. h6 Nf5 53. h7 Ne7 54. h8=Q Ng6 55. Qh2+ Nf4 56. Kxa1 f5 57. Nc6+ Kd6 58. Nd8 Ke5 59. Nf7+ Ke6 60. Ng5+ Ke5 61. Nf7+ Ke6 62. Qxf4 Kxf7 63. Qxf5+ Ke7 64. Qh7+ Kd6 65. Qb7 Kc5 66. Kb2 Kb5 67. Kc3 Kc5 68. Qe4 b5 69. Qd4+ Kc6 70. Kb4 Kb7 71. Kxb5 Kc7 72. Qg4 Kd6 73. Qe4 Kc7 74. Qc6+ Kb8 75. Qd6+ Ka7 76. Qb6+ Ka8 77. Qd8+ Kb7 78. Kc5 Ka6 79. Qb6# 1-0

[Event "Junior Online 4NCL Division 5"]
[Site "online"]
[Date "2021.04.01"]
[EventDate "2021.04.01"]
[Round "6.344"]
[White "Bhargava, Arnav"]
[WhiteElo "737"]
[WhiteTeam "Uxbridge Juniors Dynamos"]
[Black "Cann, Harriet"]
[BlackElo "925"]
[BlackTeam "Harrow Juniors H"]
[Result "1-0"]
[PlyCount "41"]

1. d4 e6 2. c4 Bb4+ 3. Nc3 Bxc3+ 4. bxc3 Nc6 5. d5 Ne5 6. Bf4 Nxc4 7. e3 Nb6 8. Nf3 Nxd5 9. Bg5 f6 10. Bf4 Nh6 11. c4 Nc3 12. Qc2 Nb5 13. cxb5 e5 14. Bxh6 gxh6 15. Be2 Rg8 16. Qxh7 Rxg2 17. Qh8+ Ke7 18. Qh7+ Ke8 19. Bc4 d5 20. Bd3 Bg4 21. Bg6+ 1-0

[Event "Junior Online 4NCL Division 5"]
[Site "online"]
[Date "2021.04.01"]
[EventDate "2021.04.01"]
[Round "6.346"]
[White "Parikh, Aadhya"]
[WhiteElo "1000"]
[WhiteTeam "Harrow Juniors H"]
[Black "Degun, Rubind"]
[BlackElo "883"]
[BlackTeam "Uxbridge Juniors Dynamos"]
[Result "1-0"]
[PlyCount "93"]

1. e4 e5 2. Nf3 Bc5 3. Nxe5 Qe7 4. Nf3 Qxe4+ 5. Be2 Qd4 6. O-O Qxf2+ 7. Rxf2 Bxf2+ 8. Kxf2 Ne7 9. Nc3 Nbc6 10. Bb5 Nd4 11. d3 Nxc2 12. Qxc2 Nf5 13. Bf4 Ne3 14. Bxe3 Ke7 15. Bc5+ Ke6 16. Re1+ Kf5 17. Nh4+ Kf4 18. Qa4+ Kg5 19. Nf3+ Kf5 20. Nd4+ Kf4 21. g3+ Kg4 22. Bc4 Kh3 23. Rh1 Kg4 24. Bd5 Kg5 25. Bxb7 Kf6 26. Bxa8 Ke5 27. Nf3+ Ke6 28. Bd5+ Kf5 29. Re1 Kf6 30. Re4 Kf5 31. Rf4+ Kg6 32. Bxa7 Kh5 33. h4 Kg6 34. Rxf7 Kh5 35. Rxg7 Kh6 36. Rg4 Kh5 37. Rc4 Kg6 38. Rxc7 Kf5 39. Nd4+ Ke5 40. Bc5 Kf6 41. g4 Ke5 42. Nf5 Kf6 43. Be3 Ke5 44. Bh6 Kf6 45. Bg7+ Kg6 46. Bxh8 d6 47. Rxc8 1-0

[Event "Junior Online 4NCL Division 5"]
[Site "online"]
[Date "2021.04.01"]
[EventDate "2021.04.01"]
[Round "6.347"]
[White "Bhargava, Aarav"]
[WhiteElo "826"]
[WhiteTeam "Uxbridge Juniors Dynamos"]
[Black "Benhamou, Ilan"]
[BlackElo "900"]
[BlackTeam "Harrow Juniors H"]
[Result "1-0"]
[PlyCount "73"]

1. e4 e5 2. Nf3 Nc6 3. Bc4 Nf6 4. Ng5 Rg8 5. Nxf7 Qe7 6. d3 Nb4 7. Nc3 Qd8 8. Nxd8 Kxd8 9. Bxg8 Bc5 10. Nd5 Nfxd5 11. exd5 c6 12. dxc6 dxc6 13. O-O Bg4 14. Qxg4 Nxc2 15. Rb1 Nd4 16. Re1 Ke7 17. Rxe5+ Kd6 18. Re4 Rxg8 19. Rxd4+ Bxd4 20. Qxd4+ Ke6 21. Bg5 Kf7 22. Re1 Kg6 23. Re5 Kh5 24. Be7+ Kg6 25. Qd6+ Kf7 26. Bd8 Rf8 27. Qe7+ Kg8 28. Qd7 h6 29. Be7 Rf7 30. Qe8+ Rf8 31. Qxf8+ Kh7 32. Re6 g6 33. Qf7+ Kh8 34. Qxg6 b5 35. Rf6 h5 36. Qg5 Kh7 37. Rh6# 1-0

[Event "Junior Online 4NCL Division 5"]
[Site "online"]
[Date "2021.04.01"]
[EventDate "2021.04.01"]
[Round "6.351"]
[White "Mohammad, Zakariya"]
[WhiteElo "1049"]
[WhiteTeam "Harrow Juniors G"]
[Black "Liu, Reuben"]
[BlackElo "840"]
[BlackTeam "Surrey Kings 6"]
[Result "0-1"]
[PlyCount "134"]

1. d4 e6 2. c4 d5 3. cxd5 Bb4+ 4. Bd2 Bxd2+ 5. Qxd2 exd5 6. Nc3 Nf6 7. Nf3 Nc6 8. e3 Bg4 9. h3 Bf5 10. Bb5 O-O 11. Bxc6 bxc6 12. g4 Be4 13. Nxe4 Nxe4 14. Qd3 Ng5 15. Nxg5 Qxg5 16. f4 Qe7 17. g5 c5 18. dxc5 Qxc5 19. Qc3 Qxc3+ 20. bxc3 g6 21. h4 f5 22. h5 gxh5 23. Rxh5 Rae8 24. Rh3 Re4 25. O-O-O Rd8 26. c4 c6 27. cxd5 cxd5 28. Rf3 h5 29. Rd4 Rxd4 30. exd4 Rc8+ 31. Kb2 Rc4 32. Rd3 h4 33. Kb3 h3 34. Rd1 h2 35. a4 a5 36. g6 Kg7 37. Rh1 Rxd4 38. Rxh2 Rxf4 39. Rh7+ Kxg6 40. Rd7 Rd4 41. Kc3 Rxa4 42. Rxd5 Kg5 43. Kb3 Rb4+ 44. Ka3 Kg4 45. Rxa5 Re4 46. Rxf5 Kxf5 47. Kb3 Ke5 48. Kc3 Kd5 49. Kd3 Rh4 50. Ke3 Ke5 51. Kf3 Kf5 52. Kg3 Ra4 53. Kf3 Ra3+ 54. Kg2 Kf4 55. Kh2 Kg4 56. Kg2 Ra2+ 57. Kf1 Kg3 58. Ke1 Rh2 59. Kf1 Ra2 60. Ke1 Kf3 61. Kd1 Ke3 62. Kc1 Kd3 63. Kb1 Rh2 64. Ka1 Kc3 65. Kb1 Rg2 66. Ka1 Kb3 67. Kb1 Rg1# 0-1

[Event "Junior Online 4NCL Division 5"]
[Site "online"]
[Date "2021.04.01"]
[EventDate "2021.04.01"]
[Round "6.352"]
[White "Edwards, Zachary"]
[WhiteElo "823"]
[WhiteTeam "Surrey Kings 6"]
[Black "Patel, Shailen"]
[BlackElo "977"]
[BlackTeam "Harrow Juniors G"]
[Result "1-0"]
[PlyCount "65"]

1. e4 c5 2. Nf3 Nc6 3. d4 e5 4. dxe5 Nxe5 5. Nxe5 d6 6. Nc4 Nf6 7. e5 dxe5 8. Nxe5 Bd6 9. Nxf7 Kxf7 10. Bc4+ Kf8 11. Qf3 Be5 12. Qe3 Qd4 13. Qxd4 cxd4 14. Bd2 Ke7 15. O-O Re8 16. Bb5 Rd8 17. Bb4+ Kf7 18. Bc4+ Kg6 19. Nd2 h6 20. Rae1 Kh7 21. Rxe5 d3 22. cxd3 Ng4 23. Re4 Nf6 24. Re7 Ng8 25. Rf7 Bd7 26. Bc3 Rac8 27. Rxg7+ Kh8 28. Rf7+ Nf6 29. Bxf6+ Kg8 30. Re7+ Kf8 31. Rf7+ Ke8 32. Rh7 a6 33. Rh8# 1-0

[Event "Junior Online 4NCL Division 5"]
[Site "online"]
[Date "2021.04.01"]
[EventDate "2021.04.01"]
[Round "6.353"]
[White "Patel, Anay"]
[WhiteElo "835"]
[WhiteTeam "Harrow Juniors G"]
[Black "Cole, Ted"]
[BlackElo "850"]
[BlackTeam "Surrey Kings 6"]
[Result "0-1"]
[PlyCount "46"]

1. e4 e5 2. Nf3 Nf6 3. Bc4 d5 4. Bd3 dxe4 5. Bxe4 Nxe4 6. O-O Bg4 7. d3 Bxf3 8. Qxf3 Ng5 9. Qd1 Bc5 10. Nc3 e4 11. dxe4 Qxd1 12. Rxd1 O-O 13. Bxg5 Nc6 14. Nd5 f6 15. Nxc7 Rac8 16. Ne6 Rfe8 17. Nd4 Bxd4 18. Rxd4 Nxd4 19. Be3 Nxc2 20. Re1 Nxe1 21. Kf1 Nd3 22. Bxa7 Rxe4 23. f3 Rc1# 0-1

[Event "Junior Online 4NCL Division 5"]
[Site "online"]
[Date "2021.04.01"]
[EventDate "2021.04.01"]
[Round "6.355"]
[White "Liu, Reuben"]
[WhiteElo "840"]
[WhiteTeam "Surrey Kings 6"]
[Black "Mohammad, Zakariya"]
[BlackElo "1049"]
[BlackTeam "Harrow Juniors G"]
[Result "1/2-1/2"]
[PlyCount "80"]

1. e4 e5 2. Nf3 d6 3. Bc4 Be6 4. Bxe6 fxe6 5. d4 exd4 6. Nxd4 d5 7. Nxe6 Qe7 8. Qxd5 Nc6 9. Nxf8 Qxf8 10. Qe6+ Qe7 11. Qxe7+ Ngxe7 12. Bg5 O-O-O 13. O-O Kb8 14. Nc3 h6 15. Bxe7 Nxe7 16. Rad1 Rxd1 17. Rxd1 Rc8 18. Nd5 Nxd5 19. exd5 Rd8 20. c4 c6 21. d6 Kc8 22. h3 Kd7 23. c5 b5 24. cxb6 axb6 25. b4 c5 26. bxc5 bxc5 27. a4 Ra8 28. Rd5 Rxa4 29. Rxc5 Ra1+ 30. Kh2 Kxd6 31. Rh5 Ra2 32. f4 Ke6 33. f5+ Kf6 34. Kg3 g6 35. fxg6 Kxg6 36. Rb5 Ra3+ 37. Kf4 h5 38. g4 Rxh3 39. gxh5+ Rxh5 40. Rxh5 Kxh5 1/2-1/2

[Event "Junior Online 4NCL Division 5"]
[Site "online"]
[Date "2021.04.01"]
[EventDate "2021.04.01"]
[Round "6.356"]
[White "Patel, Shailen"]
[WhiteElo "977"]
[WhiteTeam "Harrow Juniors G"]
[Black "Edwards, Zachary"]
[BlackElo "823"]
[BlackTeam "Surrey Kings 6"]
[Result "0-1"]
[PlyCount "50"]

1. e4 e5 2. Nf3 Nc6 3. Bc4 Bc5 4. O-O Nf6 5. Nc3 O-O 6. d3 d6 7. Bg5 Bg4 8. h3 Bxf3 9. Qxf3 h6 10. Bh4 g5 11. Bg3 h5 12. Qd1 h4 13. Bh2 Nd4 14. Bd5 Nxd5 15. exd5 Qf6 16. Rc1 c6 17. dxc6 bxc6 18. Re1 Nxc2 19. Rxc2 Bb4 20. Re3 Bxc3 21. Rxc3 Rab8 22. b3 e4 23. Rxe4 Qxc3 24. Qh5 Qc1+ 25. Re1 Qxe1# 0-1

[Event "Junior Online 4NCL Division 5"]
[Site "online"]
[Date "2021.04.01"]
[EventDate "2021.04.01"]
[Round "6.357"]
[White "Cole, Ted"]
[WhiteElo "850"]
[WhiteTeam "Surrey Kings 6"]
[Black "Patel, Anay"]
[BlackElo "835"]
[BlackTeam "Harrow Juniors G"]
[Result "1-0"]
[PlyCount "97"]

1. e4 e5 2. Nc3 Nf6 3. Bb5 Bc5 4. Nh3 O-O 5. Ng5 h6 6. Nf3 Nc6 7. Bxc6 bxc6 8. Nxe5 Bd4 9. Ng4 Nxg4 10. Qxg4 d6 11. O-O Bxg4 12. h3 Be6 13. d3 Be5 14. Be3 c5 15. Nd5 c6 16. Nf4 d5 17. exd5 cxd5 18. Bxc5 Rc8 19. Bxf8 Qxf8 20. Nh5 Bc7 21. Rfe1 Qd6 22. g3 d4 23. Kh2 Bd5 24. Nf4 Bb7 25. c4 Qc6 26. Nd5 Rd8 27. Ne7+ Kh7 28. Nxc6 Bxc6 29. Re7 Bd6 30. Rxf7 Be5 31. Rxa7 Rb8 32. Re1 Bxg3+ 33. Kxg3 Rf8 34. Re6 Rf3+ 35. Kg2 Rxf2+ 36. Kxf2 Bd7 37. Rxd7 h5 38. a4 Kg8 39. a5 Kf8 40. a6 Kg8 41. a7 Kh7 42. a8=Q h4 43. Rxg7+ Kxg7 44. Re7+ Kg6 45. Qa5 Kh6 46. Rb7 Kg6 47. Rb6+ Kh7 48. Qa7+ Kg8 49. Rb8# 1-0

[Event "Junior Online 4NCL Division 5"]
[Site "online"]
[Date "2021.04.01"]
[EventDate "2021.04.01"]
[Round "6.361"]
[White "Jackson, Joel"]
[WhiteElo "813"]
[WhiteTeam "Dragon Kings 2"]
[Black "Motorwala, Muhammad"]
[BlackElo "978"]
[BlackTeam "Uxbridge Juniors Eagles"]
[Result "1-0"]
[PlyCount "137"]

1. d4 c5 2. dxc5 e5 3. e4 Bxc5 4. Nf3 Nc6 5. Bc4 Nf6 6. Nc3 h5 7. Be3 O-O 8. O-O b6 9. a3 Ng4 10. b4 Nxf2 11. Qe2 Ng4 12. bxc5 Nxe3 13. Rfe1 bxc5 14. Rab1 Na5 15. Bd5 Nac4 16. Bxa8 Nxa3 17. Rb3 Naxc2 18. Rc1 Qb6 19. Rxb6 axb6 20. Nxe5 d6 21. Nc4 Ba6 22. Nxe3 Bxe2 23. Nxc2 Rxa8 24. Nxe2 b5 25. Nc3 b4 26. Nb5 Rd8 27. Nc7 b3 28. Na3 Rb8 29. Na6 b2 30. Rb1 Rb6 31. Nc7 Rb3 32. Ncb5 Rd3 33. Rxb2 c4 34. Nxc4 d5 35. Ne3 dxe4 36. Nc4 Rd5 37. Nc3 Rc5 38. Nxe4 Rxc4 39. Rb8+ Kh7 40. Nd6 Kg6 41. Nxc4 Kf5 42. Rf8 Kf6 43. Nd6 Ke7 44. Rxf7+ Kxd6 45. Rxg7 h4 46. Rg4 Ke5 47. Rxh4 Kf5 48. g4+ Kg5 49. Rh8 Kxg4 50. h4 Kf5 51. h5 Kf6 52. h6 Kf7 53. h7 Kg7 54. Re8 Kxh7 55. Ra8 Kg6 56. Ra5 Kh6 57. Kg2 Kg6 58. Kg3 Kf7 59. Ra6 Kg7 60. Kg4 Kf7 61. Kf5 Ke7 62. Ke5 Kf7 63. Kf5 Ke7 64. Rh6 Kd7 65. Ke5 Ke7 66. Rh7+ Ke8 67. Kf6 Kd8 68. Ke6 Ke8 69. Rh8# 1-0

[Event "Junior Online 4NCL Division 5"]
[Site "online"]
[Date "2021.04.01"]
[EventDate "2021.04.01"]
[Round "6.366"]
[White "Panesar, Gian"]
[WhiteElo "800"]
[WhiteTeam "Dragon Kings 2"]
[Black "Jones, Theo"]
[BlackElo "985"]
[BlackTeam "Uxbridge Juniors Eagles"]
[Result "0-1"]
[PlyCount "92"]

1. d4 e6 2. e4 Nc6 3. Bc4 Nxd4 4. Qxd4 e5 5. Qd1 d6 6. Nf3 Be7 7. O-O Bd7 8. Bg5 f6 9. Be3 Bg4 10. Nc3 h5 11. Nh4 Bxd1 12. Rfxd1 Nh6 13. Ng6 Rg8 14. Nd5 c6 15. Nc7+ Qxc7 16. Bxg8 O-O-O 17. Bc4 Qd7 18. Bc5 Qg4 19. Bxa7 d5 20. Nxe7+ Kc7 21. exd5 cxd5 22. Nxd5+ Kc6 23. h3 Qxc4 24. Ne7+ Kc7 25. Rxd8 Kxd8 26. Nf5 Qe4 27. Ne7 Qxc2 28. Bb6+ Kxe7 29. b4 Kd7 30. a4 Kc6 31. Be3 Qc4 32. b5+ Kc7 33. a5 b6 34. axb6+ Kb7 35. Rb1 Qc2 36. Ra1 Qb2 37. Rc1 Qxb5 38. Rc7+ Ka6 39. b7 f5 40. Bc1 Nf7 41. Ba3 Nd8 42. Rxg7 Nxb7 43. Rg5 f4 44. Rxh5 Qa4 45. Bc1 Qd1+ 46. Kh2 Qxh5 0-1

[Event "Junior Online 4NCL Division 5"]
[Site "online"]
[Date "2021.04.01"]
[EventDate "2021.04.01"]
[Round "6.367"]
[White "Machutadze, Nicholas"]
[WhiteElo "791"]
[WhiteTeam "Uxbridge Juniors Eagles"]
[Black "Cadman, Ben"]
[BlackElo "800"]
[BlackTeam "Dragon Kings 2"]
[Result "1-0"]
[PlyCount "62"]

1. d4 d6 2. Nf3 Nc6 3. Nc3 Nf6 4. Bf4 e5 5. dxe5 dxe5 6. Qxd8+ Kxd8 7. Nxe5 Nxe5 8. Bxe5 Ng4 9. Bd4 Bb4 10. f3 Nh6 11. Bxg7 Bxc3+ 12. bxc3 Be6 13. Bxh8 Kd7 14. Rd1+ Ke7 15. Bg7 Nf5 16. Be5 Bxa2 17. Bxc7 Rc8 18. Be5 a6 19. g4 a5 20. gxf5 a4 21. Ra1 Rc4 22. Rxa2 b6 23. e4 b5 24. Bxc4 bxc4 25. Rxa4 f6 26. Bd4 h6 27. Rxc4 h5 28. Bf2 h4 29. Bxh4 Kf7 30. Rc6 Kg7 31. Bxf6+ Kh7 1-0

[Event "Junior Online 4NCL Division 5"]
[Site "online"]
[Date "2021.04.01"]
[EventDate "2021.04.01"]
[Round "6.372"]
[White "Shaktawat, Shaurya"]
[WhiteElo "845"]
[WhiteTeam "Manchester Juniors G"]
[Black "Feldman, Joshua"]
[BlackElo "753"]
[BlackTeam "Eden Primary Knights"]
[Result "1-0"]
[PlyCount "41"]

1. e4 e5 2. Nf3 Nc6 3. Bc4 Bc5 4. Ng5 Qxg5 5. Qf3 f6 6. O-O b6 7. d3 d6 8. Bxg5 Nd4 9. Qg3 Nxc2 10. Bxf6 Nxf6 11. Qxg7 Rf8 12. Bb5+ Bd7 13. Bc4 Nxa1 14. Na3 Nc2 15. Nxc2 Nh5 16. Qxh7 Nf6 17. Qg6+ Ke7 18. Qg7+ Ke8 19. Ne3 Ng4 20. Nd5 Rxf2 21. Qe7# 1-0